Loading...
| Literature - World | 0 | 7 | 1 | 0 | 65 | 88 | 128.29 | 1 | 1 | 0.00 | 0.00 |
| Literature - European | 0 | 7 | 2 | 1 | 60 | 119 | 136.00 | 0 | 0 | 0.00 | 0.00 |
| Literature - British | 0 | 6 | 1 | 0 | 55 | 115 | 133.83 | 0 | 0 | 0.00 | 0.00 |
| Literature - American | 0 | 6 | 2 | 3 | 50 | 126 | 147.00 | 0 | 0 | 0.00 | 0.00 |
| Fine Arts - Painting & Sculpture | 0 | 3 | 0 | 0 | 30 | 108 | 123.67 | 0 | 1 | 0.00 | 0.00 |
| History - Other | 0 | 1 | 0 | 0 | 10 | 148 | 148.00 | 0 | 0 | 0.00 | 0.00 |
| Geography | 0 | 1 | 0 | 0 | 10 | 97 | 97.00 | 0 | 0 | 0.00 | 0.00 |
| Mythology | 0 | 1 | 0 | 0 | 10 | 84 | 84.00 | 0 | 0 | 0.00 | 0.00 |
| Social Science | 0 | 1 | 0 | 1 | 10 | 133 | 133.00 | 0 | 0 | 0.00 | 0.00 |
| Other Academic | 0 | 0 | 0 | 0 | 0 | 0.00 | 0 | 0 | 0.00 | 0.00 |